| 000 | 006430000a22001450004500 | ||
|---|---|---|---|
| 090 | _aT E5622i | ||
| 100 | 1 | _aEncinales Mora, Angel Enrique | |
| 245 | 1 | 0 | _aInfluencia de la televisión cristiana en la comprensión eclesial del concepto "Palabra de Dios" / Angel Enrique Encinales Mora |
| 260 | _aMedellín : FUSBC | ||
| 300 | _a44 Pág | ||
| 500 | _aMonitor: Dr. Fernando Mosquera | ||
| 520 | _aPrimera parte. Estudio analítico del concepto "Palabra de Dios". Segunda parte. Estudio del concepto "Palabra" de Dios en el canal cristiano Enlace. Tercera parte. Estudio comparativo de los diferentes conceptos | ||
| 001 | 14752 | ||
| 942 | _cBK | ||
| 999 |
_c43594 _d43594 |
||